| 000 | 00437nam a22001697a 4500 | ||
|---|---|---|---|
| 005 | 20160523171441.0 | ||
| 008 | 160523b xxu||||| |||| 00| 0 eng d | ||
| 020 | _a81-297-0323-8 | ||
| 041 | _aeng | ||
| 082 | _b4460 | ||
| 100 |
_aMc Manus, John _91098 |
||
| 245 | _aInformation Systems Project Management | ||
| 260 |
_aNew Delhi _bAcademic Faundation _c2004 |
||
| 300 | _a287 | ||
| 650 |
_aInformation Technology _9137 |
||
| 942 | _cBK | ||
| 999 |
_c1491 _d1491 |
||